000 00591nam a2200193Ia 4500
005 20250326142318.0
008 250326s9999 xx 000 0 und d
020 _a81-85617-31-7
037 _aTextbook
040 _aFMSL
_beng
_cFMSL
041 _aeng
_2eng
084 _aT:3ObSNI:68 N5
_qFMSL
100 _aBishop S
_9743253
245 0 _aTraining for change: Activities to promote positive attitude to change
_cBishop S; Taylor D
260 _aNew Delhi
_bNew Delhi, Viva Books
_c1995
300 _a327p
942 _cTB
_hT:3ObSNI:68 N5
999 _c1294427
_d1294427